[Event "Mukachevo Rating 34th"]
[Site "Mukachevo"]
[Date "2017.05.20"]
[Round "8"]
[White "Bykovskiy, Oleg"]
[Black "Fediv, Alexandr"]
[Result "1/2-1/2"]
[WhiteElo "2368"]
[BlackElo "2218"]
[PlyCount "113"]
[EventDate "2017.05.16"]
[EventType "tourn"]
[EventRounds "9"]
[EventCountry "UKR"]
[SourceTitle "CBM 178 Extra"]
[Source "ChessBase"]
[SourceDate "2017.06.22"]
[SourceVersion "1"]
[SourceVersionDate "2017.06.22"]
[SourceQuality "1"]

1. e4 e6 2. b3 d5 3. Bb2 dxe4 4. Nc3 Nf6 5. Nge2 Be7 6. Ng3 0-0 7. Ncxe4 b6 8. Bd3 Bb7 9. Qf3 Nbd7 10. Nh5 Bxe4 11. Bxe4 Nxe4 12. Qxe4 Nf6 13. Nxf6+ Bxf6 14. d4 Qd5 15. Qxd5 exd5 16. 0-0-0 Rfe8 17. Rde1 Rac8 18. f4 h5 19. c3 g6 20. Kd2 c6 21. a4 a6 22. Ba3 Rcd8 23. Kd3 Bg7 24. Be7 Rd7 25. Bb4 Re6 26. a5 b5 27. Bc5 Bf8 28. Rxe6 fxe6 29. Bxf8 Kxf8 30. Re1 Kf7 31. Re5 Rc7 32. h3 Rc8 33. Re1 Kf6 34. Rb1 h4 35. b4 Rg8 36. Ke3 g5 37. fxg5+ Rxg5 38. Rf1+ Ke7 39. Rf2 Rg3+ 40. Kd2 Rg6 41. Kd3 Rg3+ 42. Kc2 Rg5 43. Rf4 Rxg2+ 44. Kb3 e5 45. dxe5 Re2 46. Rxh4 Rxe5 47. Rh6 Kd7 48. Kc2 Re4 49. h4 d4 50. cxd4 Rxd4 51. Kc3 Rc4+ 52. Kb3 Rf4 53. h5 Rf3+ 54. Kc2 Rh3 55. Rh8 c5 56. h6 Rh2+ 57. Kc3 1/2-1/2

[Event "Mukachevo Rating 34th"]
[Site "Mukachevo"]
[Date "2017.05.19"]
[Round "7"]
[White "Tiba, Vladyslav"]
[Black "Fediv, Alexandr"]
[Result "1-0"]
[WhiteElo "2310"]
[BlackElo "2218"]
[PlyCount "33"]
[EventDate "2017.05.16"]
[EventType "tourn"]
[EventRounds "9"]
[EventCountry "UKR"]
[SourceTitle "CBM 178 Extra"]
[Source "ChessBase"]
[SourceDate "2017.06.22"]
[SourceVersion "1"]
[SourceVersionDate "2017.06.22"]
[SourceQuality "1"]

1. e4 e6 2. d4 d5 3. e5 c5 4. c3 Nc6 5. Nf3 f6 6. Bd3 Qb6 7. 0-0 cxd4 8. cxd4 Nb4 9. Be2 fxe5 10. dxe5 Ne7 11. a3 Nbc6 12. Nc3 Ng6 13. Bd3 Ngxe5 14. Nxe5 Nxe5 15. Qh5+ Nf7 16. Bb5+ Ke7 17. Re1 1-0

[Event "Mukachevo Rating 34th"]
[Site "Mukachevo"]
[Date "2017.05.18"]
[Round "5"]
[White "Sztercsco, Sztyepan"]
[Black "Fediv, Alexandr"]
[Result "0-1"]
[WhiteElo "2090"]
[BlackElo "2218"]
[PlyCount "98"]
[EventDate "2017.05.16"]
[EventType "tourn"]
[EventRounds "9"]
[EventCountry "UKR"]
[SourceTitle "CBM 178 Extra"]
[Source "ChessBase"]
[SourceDate "2017.06.22"]
[SourceVersion "1"]
[SourceVersionDate "2017.06.22"]
[SourceQuality "1"]

1. e4 e6 2. Qe2 Be7 3. Nf3 d5 4. exd5 exd5 5. g3 Nf6 6. Bg2 0-0 7. 0-0 c6 8. d4 Bg4 9. Qd3 Bxf3 10. Bxf3 Nbd7 11. Bg5 Re8 12. Nc3 Nf8 13. Bxf6 Bxf6 14. Ne2 Ne6 15. c3 Qb6 16. Rab1 Re7 17. h4 Rae8 18. b4 Qd8 19. Kg2 g6 20. Rh1 Qd6 21. Rbe1 h5 22. Qd2 Bg7 23. Nc1 b6 24. Nd3 Rd8 25. Kh2 c5 26. bxc5 bxc5 27. dxc5 Nxc5 28. Nxc5 Rxe1 29. Rxe1 Qxc5 30. Rc1 Kh7 31. Bg2 Qa5 32. Qd3 Qxa2 33. c4 Qxf2 34. cxd5 Qb6 35. Qf3 Rd7 36. Rc6 Qd4 37. Ra6 Be5 38. Kh3 Kg7 39. Ra3 Rd6 40. Qe4 f5 41. Qf3 Rd7 42. Rd3 Qc5 43. Qe2 Bf6 44. Re3 a5 45. Re6 Qc3 46. Rc6 Qe5 47. Qa6 f4 48. Qd3 fxg3 49. Be4 Qf4 0-1

[Event "Mukachevo Rating 34th"]
[Site "Mukachevo"]
[Date "2017.05.17"]
[Round "3"]
[White "Boricsev, Oleg"]
[Black "Fediv, Alexandr"]
[Result "1/2-1/2"]
[WhiteElo "2340"]
[BlackElo "2218"]
[PlyCount "33"]
[EventDate "2017.05.16"]
[EventType "tourn"]
[EventRounds "9"]
[EventCountry "UKR"]
[SourceTitle "CBM 178 Extra"]
[Source "ChessBase"]
[SourceDate "2017.06.22"]
[SourceVersion "1"]
[SourceVersionDate "2017.06.22"]
[SourceQuality "1"]

1. g3 d5 2. Nf3 g6 3. Bg2 Bg7 4. c4 c6 5. d4 Nf6 6. cxd5 cxd5 7. 0-0 0-0 8. Nc3 Nc6 9. Bf4 Bg4 10. Rc1 Ne4 11. h3 Bxf3 12. Bxf3 Nxd4 13. Nxe4 Nxf3+ 14. exf3 dxe4 15. fxe4 Bxb2 16. Qxd8 Rfxd8 17. Rb1 1/2-1/2

[Event "Mukachevo Rating 34th"]
[Site "Mukachevo"]
[Date "2017.05.17"]
[Round "2"]
[White "Fediv, Alexandr"]
[Black "Dovzik, Juri"]
[Result "1/2-1/2"]
[WhiteElo "2218"]
[BlackElo "2306"]
[PlyCount "25"]
[EventDate "2017.05.16"]
[EventType "tourn"]
[EventRounds "9"]
[EventCountry "UKR"]
[SourceTitle "CBM 178 Extra"]
[Source "ChessBase"]
[SourceDate "2017.06.22"]
[SourceVersion "1"]
[SourceVersionDate "2017.06.22"]
[SourceQuality "1"]

1. e4 e5 2. Nf3 Nc6 3. Bb5 a6 4. Ba4 Nf6 5. 0-0 Be7 6. Re1 b5 7. Bb3 d6 8. c3 0-0 9. h3 Na5 10. Bc2 c5 11. d4 Qc7 12. Nbd2 cxd4 13. cxd4 1/2-1/2

[Event "Mukachevo Rating 29th"]
[Site "Mukachevo"]
[Date "2016.02.05"]
[Round "4"]
[White "Fastovets, Arsen"]
[Black "Fediv, Alexandr"]
[Result "0-1"]
[WhiteElo "1601"]
[BlackElo "2246"]
[PlyCount "78"]
[EventDate "2016.02.03"]
[EventType "swiss"]
[EventRounds "9"]
[EventCountry "UKR"]
[SourceTitle "CBM 170 Extra"]
[Source "ChessBase"]
[SourceDate "2016.02.25"]
[SourceVersion "1"]
[SourceVersionDate "2016.02.25"]
[SourceQuality "1"]

1. Nf3 g6 2. b4 Bg7 3. d4 d5 4. Bb2 Nf6 5. e3 0-0 6. Nbd2 c6 7. c4 a5 8. b5 cxb5 9. cxb5 a4 10. Be2 Bd7 11. Ne5 Qa5 12. Nxd7 Nbxd7 13. 0-0 Rfe8 14. Rc1 Rac8 15. Rc2 Nb6 16. Bd3 Rxc2 17. Bxc2 Qxb5 18. Ba3 Nfd7 19. Qb1 Qa5 20. Nf3 e5 21. Qb4 Qxb4 22. Bxb4 Rc8 23. Bb1 e4 24. Nd2 Bf8 25. Bxf8 Kxf8 26. f3 exf3 27. Nxf3 h6 28. Kf2 Nc4 29. Re1 Nf6 30. e4 dxe4 31. Bxe4 Nxe4+ 32. Rxe4 Nd6 33. Re2 Rc4 34. Ke3 b5 35. Kd3 Rc1 36. Kd2 Rc7 37. Ne5 Nf5 38. Kd3 Rc1 39. Rc2 Rxc2 0-1

[Event "Mukachevo Rating 29th"]
[Site "Mukachevo"]
[Date "2016.02.04"]
[Round "2"]
[White "Prokopchuk, Anatoly N"]
[Black "Fediv, Alexandr"]
[Result "1/2-1/2"]
[WhiteElo "1927"]
[BlackElo "2246"]
[PlyCount "85"]
[EventDate "2016.02.03"]
[EventType "swiss"]
[EventRounds "9"]
[EventCountry "UKR"]
[SourceTitle "CBM 170 Extra"]
[Source "ChessBase"]
[SourceDate "2016.02.25"]
[SourceVersion "1"]
[SourceVersionDate "2016.02.25"]
[SourceQuality "1"]

1. Nf3 c5 2. g3 g6 3. Bg2 Bg7 4. e4 Nf6 5. d3 d5 6. Nbd2 0-0 7. 0-0 Nc6 8. Re1 dxe4 9. dxe4 Qc7 10. c3 b6 11. Qc2 Ba6 12. Bf1 Bxf1 13. Nxf1 Nd7 14. Bf4 Nde5 15. Kg2 Qb7 16. Nxe5 Nxe5 17. Bxe5 Bxe5 18. Kg1 h5 19. Rad1 Rad8 20. Ne3 e6 21. Ng2 c4 22. Re2 b5 23. a3 a5 24. Red2 Qa8 25. h4 Rxd2 26. Rxd2 Rd8 27. Rxd8+ Qxd8 28. Kf1 Qd6 29. f4 Bg7 30. Ke2 Qc6 31. Ne3 Bf8 32. g4 hxg4 33. Nxg4 Be7 34. Ne5 Qc7 35. a4 Bxh4 36. axb5 Qc5 37. Kf3 f6 38. Qg2 g5 39. Ng6 Kf7 40. Nxh4 gxh4 41. Qg4 Qxb5 42. Qxh4 Qxb2 43. Qh7+ 1/2-1/2

[Event "Mukachevo 9th"]
[Site "Mukachevo"]
[Date "2011.07.05"]
[Round "1"]
[White "Tiba, Vladyslav"]
[Black "Fediv, Alexandr"]
[Result "1-0"]
[WhiteElo "2152"]
[BlackElo "2200"]
[PlyCount "69"]
[EventDate "2011.07.05"]
[EventType "swiss"]
[EventRounds "7"]
[EventCountry "UKR"]
[SourceTitle "EXT 2012"]
[Source "ChessBase"]
[SourceDate "2011.11.24"]
[SourceVersion "1"]
[SourceVersionDate "2011.11.24"]
[SourceQuality "1"]

1. e4 e6 2. d3 d5 3. Nd2 Nf6 4. Ngf3 c5 5. g3 Nc6 6. Bg2 b5 7. 0-0 Be7 8. Re1 0-0 9. e5 Nd7 10. h4 c4 11. d4 a5 12. Nf1 b4 13. c3 a4 14. a3 bxc3 15. bxc3 Qa5 16. Bd2 Rb8 17. N1h2 Rb3 18. Ng5 h6 19. Nh3 Bxa3 20. Ng4 f5 21. Nxh6+ gxh6 22. Qh5 Ndxe5 23. dxe5 Qc7 24. Bxh6 Qf7 25. Qg5+ Kh8 26. Bxf8 Bxf8 27. Rxa4 Rxc3 28. Nf4 Kh7 29. Nh5 Be7 30. Nf6+ Bxf6 31. exf6 Rb3 32. Ra8 Rb8 33. Rxb8 Nxb8 34. Bxd5 Qg6 35. Bxe6 1-0